Pays avec un point cardinal dans son nom - Statistiques

Statistiques générales
  • Ce quiz a été pris 149 fois
  • Le résultat moyen est 4 sur 5
Statistiques - réponses
Indice Pays % Correct
Sud Afrique du Sud
92%
Nord Corée du Nord
92%
Sud Corée du Sud
91%
Sud Soudan du Sud
91%
Nord Macédoine du Nord
77%
Aucun quiz correspondant
Distribution des résultats
% des personnes avec chaque résultat
Percentile par nombre de réponses
Votre historique - résultats
Vous n’avez pas pris ce quiz